Počítačová grafika a spracovanie obrazu

Saved in:
Bibliographic Details
Main Author: Ružický, Eugen
Other Authors: Ferko, Andrej
Format: Book
Language:Slovak
Published: Bratislava Sapientia 1995
Edition:1. vyd.
Subjects:
Tags: Add Tag
No Tags, Be the first to tag this record!

MARC

LEADER 00000nam a2200000 4500
001 c012001
005 20221214072718.8
020 |a 80-967180-2-9 
041 0 |a slo 
044 |a SK 
245 1 0 |a Počítačová grafika a spracovanie obrazu  |c Eugen Ružický, Andrej Ferko ; Red. Pavol Eliáš 
250 |a 1. vyd. 
264 1 |a Bratislava  |b Sapientia  |c 1995 
300 |a 324 s. 
610 2 0 |a grafika počítačová 
610 2 0 |a programovanie 
610 2 0 |a softvér 
610 2 0 |a počítače osobné 
100 1 |a Ružický, Eugen 
700 1 |a Ferko, Andrej